[Event "I Miedzynarodowy Memorial Ireny Warakomskiej - Open A"]
[Site "Suwalki"]
[Date "2017-08-11"]
[Round "1.26"]
[White "Wisniewski, Michal "]
[Black "Cukrowski, Filip "]
[Result "1/2-1/2"]
[WhiteTitle ""]
[BlackTitle ""]
[WhiteElo "2180"]
[BlackElo "2413"]

1. e4 c5 2. Nf3 e6 3. g3 b6 4. Bg2 Bb7 5. Qe2 d6 6. O-O Nf6 7. Nc3 Be7 8. d4 cxd4
9. Nxd4 O-O 10. e5 Bxg2 11. exf6 Bxf1 12. fxe7 Bxe2 13. exd8=Q Rxd8 14. Ncxe2
a6 15. Be3 Nd7 16. Nc6 Re8 17. Rd1 d5 18. c4 Nf6 19. Bxb6 Rac8 20. Ne5 dxc4 21.
Rc1 Nd5 22. Ba5 Rc5 23. Nxc4 e5 24. b4 Rc6 25. Ne3 Rxc1+ 26. Nxc1 Nc3 27. Nd3
Nxa2 28. Nd5 e4 29. Nc5 Re5 30. Ne3 f5 31. Bc7 Re7 32. Nxa6 Nxb4 33. Nxb4 Rxc7
34. Nxf5 g6 35. Ne3 Rc1+ 36. Kg2 Kf7 37. Nbd5 g5 38. Nf5 Ke6 39. Nde3 Ra1 40.
g4 Ke5 41. Ng3 Ra2 42. h3 Kd4 43. Ngf5+ Ke5 44. Nc4+ Kd5 45. Nfe3+ Ke6 46. Kf1
Ra1+ 47. Kg2 Ra2 48. Kg3 Re2 49. Na5 Ra2 50. Nb3 Kd6 51. Nd4 Ke5 52. Nc6+ Ke6
53. Nd8+ Ke7 54. Nb7 Ke6 55. Nc5+ Ke5 56. Nd7+ Kd4 57. Nf8 h6 58. Nf5+ Ke5 59.
Nxh6 Ra7 60. Nf5 Kf6 61. Nd6 Re7 62. Nh7+ Rxh7 63. Nxe4+ Kg6 64. f3 Rf7 65. Nd6
Rd7 66. Nf5 Rd3 67. h4 gxh4+ 68. Nxh4+ Kg5 69. Ng2 Ra3 70. Nf4 Ra8 71. Nh3+ Kg6
72. f4 Ra3+ 73. Kh4 Rf3 74. f5+ Kf6 75. Ng5 Rxf5 76. Ne4+ Kg6 77. gxf5+ Kxf5 78.
Ng3+ Kf4 79. Nh5+ Ke3 80. Nf4 Kxf4 1/2-1/2

[Event "I Miedzynarodowy Memorial Ireny Warakomskiej - Open A"]
[Site "Suwalki"]
[Date "2017-08-11"]
[Round "1.27"]
[White "Almasi, Istvan "]
[Black "Krzywda, Andrzej "]
[Result "1-0"]
[WhiteTitle ""]
[BlackTitle ""]
[WhiteElo "2408"]
[BlackElo "2173"]

1. d4 Nf6 2. Nf3 e6 3. c4 d5 4. g3 Be7 5. Bg2 O-O 6. O-O dxc4 7. Ne5 Nc6 8. Nxc6
bxc6 9. Na3 Ba6 10. Qa4 Qc8 11. Nxc4 Bb5 12. Qc2 Qa6 13. Ne5 Nd5 14. Bd2 Bd6 15.
Rfc1 c5 16. e3 cxd4 17. exd4 c5 18. a4 Be8 19. Bf1 Qc8 20. Nc4 Be7 21. Na5 c4
22. Qxc4 Bd7 23. Bg2 Rd8 24. Qe2 Qb8 25. Bxd5 exd5 26. Qxe7 1-0

[Event "I Miedzynarodowy Memorial Ireny Warakomskiej - Open A"]
[Site "Suwalki"]
[Date "2017-08-11"]
[Round "1.28"]
[White "Mucha, Piotr "]
[Black "Sagar, Shah"]
[Result "1-0"]
[WhiteTitle ""]
[BlackTitle ""]
[WhiteElo "2155"]
[BlackElo "2397"]

1. e4 c6 2. d4 d5 3. exd5 cxd5 4. Bd3 Nc6 5. c3 Qc7 6. Ne2 Bg4 7. f3 Bh5 8. Nf4
Nf6 9. Nxh5 Nxh5 10. O-O e6 11. f4 Nf6 12. Nd2 Bd6 13. g3 O-O 14. Nf3 Rab8 15.
Ne5 Ne4 16. Bxe4 dxe4 17. Qe2 f6 18. Nxc6 Qxc6 19. c4 b5 20. c5 Be7 21. b4 Rfd8
22. Be3 f5 23. Rfd1 Bf6 24. g4 fxg4 25. Qxg4 Rd5 26. Qg2 Rf5 27. Qc2 Kh8 28. Kh1
Rf8 29. a4 a6 30. axb5 axb5 31. Qc3 Bd8 32. Ra7 Bc7 33. Rda1 R5f7 34. Qb3 Qe8
35. R1a6 Bxf4 36. Ra8 Qxa8 37. Rxa8 Rxa8 38. Qxe6 Rff8 39. Qxe4 Rae8 40. Qxf4
Rxf4 41. Bxf4 Re4 42. Be5 Kg8 43. Kg2 Kf7 44. Kf3 Re1 45. Bg3 Rb1 46. Ke4 Rxb4
47. Kd5 Rc4 48. Be5 Rc2 49. Kd6 b4 50. d5 b3 51. c6 Ke8 52. Kc7 b2 53. d6 b1=Q
54. d7+ Kf7 55. d8=Q Qb4 56. Qd5+ Ke8 57. Qd7+ 1-0

[Event "I Miedzynarodowy Memorial Ireny Warakomskiej - Open A"]
[Site "Suwalki"]
[Date "2017-08-11"]
[Round "1.29"]
[White "Czerwonski, Aleksander "]
[Black "Zgadzaj, Rafal "]
[Result "1-0"]
[WhiteTitle ""]
[BlackTitle ""]
[WhiteElo "2392"]
[BlackElo "2147"]

1. d4 d5 2. c4 e6 3. Nf3 c6 4. e3 Nf6 5. Nc3 Be7 6. Qc2 O-O 7. e4 dxe4 8. Nxe4
Bb4+ 9. Bd2 Bxd2+ 10. Nexd2 Nbd7 11. Be2 Qc7 12. O-O e5 13. Rfe1 exd4 14. Nxd4
Ne5 15. N2f3 Re8 16. Rad1 Bg4 17. Nxe5 Qxe5 18. h3 Bxe2 19. Rxe2 Qc5 20. Rxe8+
Rxe8 21. Nb3 Qg5 22. Qd2 Qf5 23. Qa5 Qc2 24. Rd8 Qxb2 25. Rxe8+ Nxe8 26. Qxa7
Qb1+ 27. Kh2 Qe4 28. Qxb7 Qxc4 29. Qe7 Qf4+ 30. Kg1 Qb8 31. a4 g6 32. a5 Nc7 33.
Nc5 Nd5 34. Qe1 Qb5 35. Nd7 Nc7 36. Qe7 Ne6 37. Nf6+ Kg7 38. Ne8+ Kg8 39. Nd6
Qe5 40. Qxf7+ Kh8 41. Qe8+ Kg7 42. Qd7+ Kf6 43. Qf7+ Kg5 44. Qe7+ Kh5 45. g4+
1-0

[Event "I Miedzynarodowy Memorial Ireny Warakomskiej - Open A"]
[Site "Suwalki"]
[Date "2017-08-11"]
[Round "1.30"]
[White "Chomczyk, Marek"]
[Black "Teclaf, Pawel"]
[Result "0-1"]
[WhiteTitle ""]
[BlackTitle ""]
[WhiteElo "2138"]
[BlackElo "2373"]

1. e3 b6 2. Nc3 Bb7 3. Nf3 e6 4. e4 Bb4 5. d3 Ne7 6. Bd2 O-O 7. a3 Bxc3 8. Bxc3
c5 9. Be2 f5 10. exf5 Nxf5 11. d4 cxd4 12. Nxd4 Nh4 13. Rg1 Nxg2+ 14. Rxg2 Bxg2
15. Qd2 e5 16. Nf3 Nc6 17. Qd5+ Kh8 18. O-O-O Qf6 19. Rd3 Nd4 20. Bxd4 exd4 21.
Qxd7 Rfe8 22. Bd1 Rad8 23. Qxa7 Bf1 24. Rd2 d3 25. c3 Be2 26. Nd4 Bxd1 27. Rxd1
Rxd4 28. cxd4 Qc6+ 29. Kd2 Qc2# 0-1

[Event "I Miedzynarodowy Memorial Ireny Warakomskiej - Open A"]
[Site "Suwalki"]
[Date "2017-08-11"]
[Round "1.31"]
[White "Kaczmarek, Aleksander"]
[Black "Sliwicki, Damian "]
[Result "1-0"]
[WhiteTitle ""]
[BlackTitle ""]
[WhiteElo "2368"]
[BlackElo "2136"]

1. e4 c5 2. b3 e6 3. Bb2 Nc6 4. Bb5 Nd4 5. Bd3 Qg5 6. g3 Qf6 7. c3 Nc6 8. Na3 Rb8
9. f4 h5 10. Nf3 d6 11. Qe2 e5 12. fxe5 Nxe5 13. Nxe5 Qxe5 14. Bb5+ Kd8 15. d4
cxd4 16. cxd4 Qg5 17. O-O Bg4 18. Qe1 Qe7 19. Nc4 Nf6 20. e5 dxe5 21. Nxe5 Be6
22. Qa5+ Qc7 23. Qxa7 Bb4 24. Rac1 Qd6 25. Nc6+ bxc6 26. Rxc6 Rxb5 27. Rxd6+ Bxd6
28. Qa6 Bd7 29. Qxd6 Re8 30. Ba3 Ne4 31. Qa6 Nc3 32. Rxf7 Re1+ 33. Rf1 Rxf1+ 34.
Kxf1 Rd5 35. Qb6+ Kc8 36. Bd6 Bb5+ 37. Ke1 Kd7 38. Be5 Bc6 39. Qc7+ 1-0

[Event "I Miedzynarodowy Memorial Ireny Warakomskiej - Open A"]
[Site "Suwalki"]
[Date "2017-08-11"]
[Round "1.32"]
[White "Smolka, Marcin "]
[Black "Zylka, Stanislaw "]
[Result "0-1"]
[WhiteTitle ""]
[BlackTitle ""]
[WhiteElo "2133"]
[BlackElo "2368"]

1. e4 c5 2. c4 Nc6 3. Ne2 e6 4. Nbc3 Nf6 5. d4 cxd4 6. Nxd4 Bb4 7. Nxc6 bxc6 8.
Bd3 e5 9. O-O Bc5 10. Rb1 Rb8 11. h3 O-O 12. Kh1 d6 13. f4 Re8 14. Qa4 Ng4 15.
Be2 Nf2+ 16. Rxf2 Bxf2 17. Qxc6 Bd4 18. Bd2 Bxc3 19. Bxc3 Bb7 20. Qa4 Bxe4 21.
Rf1 Qh4 22. Qd7 Rbd8 23. Qg4 Qxg4 24. Bxg4 Bd3 25. Rc1 f5 0-1

[Event "I Miedzynarodowy Memorial Ireny Warakomskiej - Open A"]
[Site "Suwalki"]
[Date "2017-08-11"]
[Round "1.33"]
[White "Goluch, Piotr"]
[Black "Ocytko, Andrzej"]
[Result "1-0"]
[WhiteTitle ""]
[BlackTitle ""]
[WhiteElo "2360"]
[BlackElo "2127"]

1. e4 e5 2. Nf3 Nc6 3. Bb5 Nf6 4. d3 Bc5 5. O-O Nd4 6. Nxd4 Bxd4 7. c3 Bb6 8. d4
O-O 9. Bg5 h6 10. Bh4 d6 11. Re1 c6 12. Ba4 g5 13. Bg3 Bg4 14. Qd3 Qe7 15. Nd2
Rad8 16. Nc4 Bc7 17. Ne3 Bc8 18. d5 cxd5 19. exd5 Nh5 20. Nf5 Qf6 21. Bc2 Rfe8
22. Ne3 e4 23. Qc4 Qe7 24. Bxe4 f5 25. Bf3 g4 26. Bd1 b5 27. Qd3 Qg5 28. Bc2 Ng7
29. Qd4 Nh5 30. h4 gxh3 31. Bh4 Qg6 32. g3 Bb6 33. Qd3 Bxe3 34. Rxe3 Rxe3 35.
Qxe3 Re8 36. Qd2 Qg4 37. Bd1 Qe4 38. f3 Qe1+ 39. Qxe1 Rxe1+ 40. Kh2 Re5 41. f4
1-0

[Event "I Miedzynarodowy Memorial Ireny Warakomskiej - Open A"]
[Site "Suwalki"]
[Date "2017-08-11"]
[Round "1.34"]
[White "Suliborski, Jakub"]
[Black "Kulon, Klaudia "]
[Result "0-1"]
[WhiteTitle ""]
[BlackTitle ""]
[WhiteElo "2122"]
[BlackElo "2359"]

1. e4 c5 2. Nf3 d6 3. d4 cxd4 4. Nxd4 Nf6 5. Nc3 Nc6 6. Bc4 e6 7. Be3 a6 8. Bb3
Qc7 9. Qe2 Be7 10. O-O-O O-O 11. Rhg1 b5 12. f3 Na5 13. g4 Nxb3+ 14. axb3 Nd7
15. g5 Nc5 16. h4 Bd7 17. Nf5 exf5 18. Nd5 Qd8 19. b4 f4 20. Bxf4 Nb7 21. Be3
Be6 22. Nf6+ Kh8 23. Nh5 Rg8 24. f4 a5 25. Bd4 Bc4 26. Qe3 axb4 27. b3 Na5 28.
f5 Bf8 29. g6 fxg6 30. fxg6 Nxb3+ 31. cxb3 Qc7 32. bxc4 Qxc4+ 33. Kd2 Ra3 34.
Rc1 Qa2+ 35. Rc2 Rxe3 36. Rxa2 Rxe4 37. Kd3 Rxh4 38. Rg5 hxg6 39. Ng3 Be7 40.
Rxb5 Rh3 41. Rg2 Bh4 42. Bf2 Ra8 43. Ke4 Bf6 44. Rg1 Ra3 45. Ne2 g5 46. Rxb4 Ra2
47. Re1 Rh2 48. Kf3 Be5 49. Rg4 Ra3+ 50. Be3 Rh3+ 51. Ng3 d5 52. Rh1 Rxh1 53.
Nxh1 d4 54. Re4 Bf4 55. Rxd4 Rxe3+ 56. Kg2 Kh7 57. Ra4 Kh6 58. Ra6+ Kh5 59. Ra2
g4 60. Nf2 Kh4 61. Ra4 Rg3+ 62. Kf1 Be5 63. Re4 Bd6 64. Rc4 Kh5 65. Rd4 Rf3 66.
Kg2 Rxf2+ 0-1

[Event "I Miedzynarodowy Memorial Ireny Warakomskiej - Open A"]
[Site "Suwalki"]
[Date "2017-08-11"]
[Round "1.35"]
[White "Stoma, Pawel "]
[Black "Chinguun, Sumiya "]
[Result "1-0"]
[WhiteTitle ""]
[BlackTitle ""]
[WhiteElo "2348"]
[BlackElo "2120"]

1. e4 c5 2. d4 cxd4 3. c3 dxc3 4. Nxc3 Nc6 5. Nf3 d6 6. Bc4 e6 7. O-O Nf6 8. Qe2
Be7 9. Rd1 e5 10. Bg5 Bg4 11. Qd3 Bxf3 12. Qxf3 Nd4 13. Qd3 O-O 14. a4 Nd7 15.
Be3 Nc5 16. Qb1 Nce6 17. Bd5 Qd7 18. a5 Rac8 19. Rd2 Bf6 20. Qa2 Nf4 21. Bxf4
exf4 22. f3 Qc7 23. Rad1 Qc5 24. Kh1 Nb5 25. Ne2 Rc7 26. a6 bxa6 27. Qxa6 Rb8
28. Nxf4 Rb6 29. Qa5 Bg5 30. b4 Qe3 31. Ne2 Nc3 32. Nxc3 Rxc3 33. Qxa7 Rc8 34.
Rc2 Rbb8 35. Qxf7+ Kh8 36. Rxc8+ Rxc8 37. Qf5 Qc1 38. Bb3 Bf6 39. Qd5 Qf4 40.
Qxd6 Qxd6 41. Rxd6 Be7 42. Rd3 Bxb4 43. g3 g6 44. Kg2 Re8 45. Rd7 Bf8 46. Bd5
g5 47. Kh3 Bc5 48. Kg4 Be3 49. Kh5 Bc1 50. Kh6 g4+ 51. f4 Bxf4+ 52. gxf4 Re6+
53. Bxe6 g3 54. h3 g2 55. Rd8# 1-0

[Event "I Miedzynarodowy Memorial Ireny Warakomskiej - Open A"]
[Site "Suwalki"]
[Date "2017-08-11"]
[Round "1.36"]
[White "Walkusz, Witoslaw"]
[Black "Lewtak, Damian "]
[Result "1-0"]
[WhiteTitle ""]
[BlackTitle ""]
[WhiteElo "2115"]
[BlackElo "2344"]

1. e4 c5 2. Nf3 Nf6 3. Nc3 d6 4. Bb5+ Nbd7 5. e5 dxe5 6. Nxe5 a6 7. Nxd7 Nxd7 8.
Bc4 Ne5 9. Bd5 e6 10. Qe2 Bd6 11. Be4 f5 12. Bf3 O-O 13. d3 Rb8 14. Bh5 b5 15.
f4 Nc6 16. Qf2 Nd4 17. Bd1 Bb7 18. Ne2 e5 19. O-O Qc7 20. Nxd4 exd4 21. a4 b4
22. b3 Rbe8 23. Bd2 Rf7 24. Bf3 Bxf4 25. Bxf4 Qxf4 26. Bxb7 Qxf2+ 27. Rxf2 Rxb7
28. Rxf5 Rc7 29. Raf1 g6 30. Rd5 Re6 31. g3 Kg7 32. Kg2 h5 33. Rf2 Kh6 34. Kf1
Kh7 35. Re2 Rxe2 36. Kxe2 Rc6 37. h4 Kg7 38. Kf3 Kf7 39. Re5 Rc8 40. Ke4 Kf6 41.
Rg5 Re8+ 42. Kd5 Re2 43. Kxc5 Rxc2+ 44. Kxd4 Rc3 45. Ra5 Rxb3 46. Rxa6+ Kf7 47.
Ra5 Rb1 48. Rb5 Rg1 49. Rxb4 Rxg3 50. a5 Rg1 51. Kc5 g5 52. hxg5 Ra1 53. Kb6 Kg6
1-0

[Event "I Miedzynarodowy Memorial Ireny Warakomskiej - Open A"]
[Site "Suwalki"]
[Date "2017-08-11"]
[Round "1.37"]
[White "Plichta, Kamil "]
[Black "Khamidov, Komil"]
[Result "1-0"]
[WhiteTitle ""]
[BlackTitle ""]
[WhiteElo "2341"]
[BlackElo "2110"]

1. e4 e5 2. Nf3 Nc6 3. d3 Bc5 4. g3 Nge7 5. Bg2 O-O 6. O-O d6 7. c3 Bb6 8. Na3
h6 9. Nc4 f5 10. exf5 Bxf5 11. a4 Be6 12. a5 Bxc4 13. axb6 Be6 14. bxc7 Qxc7 15.
Re1 d5 16. Qe2 Ng6 17. Nd4 Bf7 18. Nxc6 bxc6 19. Be3 a5 20. Bc5 Rfe8 21. Ra3 Nf8
22. Bxf8 Kxf8 23. Rea1 Reb8 24. b4 Rb5 25. bxa5 Rbxa5 26. Rxa5 Rxa5 27. Rxa5 Qxa5
28. Qxe5 Qa1+ 29. Bf1 Kg8 30. Kg2 Kh7 31. h4 Qd1 32. Be2 Qe1 33. h5 d4 34. c4
c5 35. Qf5+ Kg8 36. Qc8+ Kh7 37. Bf3 Qe7 38. Be4+ g6 39. Qg4 1-0

[Event "I Miedzynarodowy Memorial Ireny Warakomskiej - Open A"]
[Site "Suwalki"]
[Date "2017-08-11"]
[Round "1.38"]
[White "Zielinski, Wojciech"]
[Black "Koziol, Kamil"]
[Result "1/2-1/2"]
[WhiteTitle ""]
[BlackTitle ""]
[WhiteElo "2105"]
[BlackElo "2321"]

1. Nf3 Nf6 2. b3 d5 3. Bb2 Bf5 4. e3 h6 5. c4 e6 6. Be2 c6 7. O-O Bd6 8. Qc1 Nbd7
9. Ba3 c5 10. cxd5 exd5 11. d4 Rc8 12. Qb2 O-O 13. dxc5 Nxc5 14. Nc3 Ng4 15. Nb5
Bb8 16. Rac1 b6 17. Rfd1 Re8 18. Nbd4 Be4 19. Bb5 Bxf3 20. Nxf3 Re4 21. Qd2 Nf6
22. b4 Ne6 23. Bd3 Rxc1 24. Rxc1 Rg4 25. h3 Ne4 26. Qc2 Rg6 27. Bxe4 dxe4 28.
Qxe4 Ng5 29. Nxg5 Rxg5 30. Bb2 Rd5 31. Qg4 f6 32. g3 Kh7 33. Rc8 Rd1+ 34. Kg2
Qd3 35. Qc4 Qxc4 36. Rxc4 Rd2 37. Bd4 Rxa2 38. Rc8 Bd6 39. b5 Ra5 40. Ra8 Bc5
41. Bxc5 bxc5 42. Kf3 c4 43. Ke4 c3 44. Kd3 Rxb5 45. Kxc3 Ra5 46. Kd3 Ra2 47.
f3 h5 48. Ke4 Kg6 49. f4 f5+ 50. Kf3 Kh7 51. g4 fxg4+ 52. Kg3 gxh3 53. Kxh3 Kg6
54. Kh4 Rh2+ 55. Kg3 Ra2 56. Kh4 Ra3 57. e4 Ra4 58. f5+ Kf6 59. Kxh5 Rxe4 60.
Rxa7 Rf4 61. Rb7 Rxf5+ 62. Kg4 Rg5+ 63. Kf4 Rf5+ 64. Kg4 Rg5+ 65. Kf4 Ra5 66.
Rb6+ Kf7 67. Kg4 g6 68. Rb7+ Kf6 69. Rb6+ Kg7 70. Rb8 Ra4+ 71. Kg5 Ra7 72. Rc8
Rf7 73. Ra8 Rf5+ 74. Kg4 Rb5 75. Rc8 Ra5 76. Rb8 Kh6 77. Rh8+ Kg7 78. Rb8 Rc5
1/2-1/2

[Event "I Miedzynarodowy Memorial Ireny Warakomskiej - Open A"]
[Site "Suwalki"]
[Date "2017-08-11"]
[Round "1.39"]
[White "Paszewski, Mateusz "]
[Black "Puczylowski, Marcin"]
[Result "1/2-1/2"]
[WhiteTitle ""]
[BlackTitle ""]
[WhiteElo "2321"]
[BlackElo "2103"]

1. e4 e6 2. d4 d5 3. Nd2 Nf6 4. e5 Nfd7 5. Bd3 c5 6. c3 Nc6 7. Ne2 cxd4 8. cxd4
f6 9. exf6 Nxf6 10. Nf3 Bd6 11. O-O O-O 12. Bf4 Bxf4 13. Nxf4 Ne4 14. Qc1 Ng5
15. Nxg5 Qxg5 16. Ne2 Qxc1 17. Raxc1 Bd7 18. Rc5 Nb4 19. Bb1 Rac8 20. Rfc1 Rxc5
21. Rxc5 Rc8 22. Rxc8+ Bxc8 23. f4 b6 24. Kf2 Ba6 25. Nc1 g6 26. g3 Kf7 27. Ke3
Kf6 28. a3 Nc6 29. Nb3 Bf1 30. Nd2 Bh3 31. Bd3 Bf5 32. Be2 h5 1/2-1/2

[Event "I Miedzynarodowy Memorial Ireny Warakomskiej - Open A"]
[Site "Suwalki"]
[Date "2017-08-11"]
[Round "1.40"]
[White "Zaika, Daniil"]
[Black "Bartel, Marta"]
[Result "1/2-1/2"]
[WhiteTitle ""]
[BlackTitle ""]
[WhiteElo "2101"]
[BlackElo "2313"]

1. d4 f5 2. g3 Nf6 3. Bg2 g6 4. Nh3 Bg7 5. Nf4 Nc6 6. h4 d6 7. d5 Ne5 8. Nd2 c6
9. c4 Qb6 10. O-O O-O 11. b3 Nfg4 12. Rb1 a5 13. Bb2 Bd7 14. Nf3 Nxf3+ 15. exf3
Ne5 16. Re1 Rfe8 17. Nd3 Nxd3 18. Qxd3 f4 19. Bxg7 Kxg7 20. gxf4 Bf5 21. Qc3+
Kf7 22. Rbd1 Qb4 23. Qd2 c5 24. Bf1 Qxd2 25. Rxd2 a4 26. Re3 Kf6 27. Kh2 axb3
28. Rxb3 Ra7 29. Rdb2 Rea8 30. Bh3 Rxa2 31. Bxf5 Rxb2 32. Rxb2 gxf5 33. Rxb7 Ra4
34. Rb8 Rxc4 35. Rf8+ Kg7 36. Re8 Kf7 37. Rh8 Kg7 38. Re8 Kf7 39. Rh8 Rd4 40.
Rxh7+ Kf6 41. Rh6+ Kg7 42. Re6 Rxd5 43. Rxe7+ Kg6 44. Kg2 Rd1 45. Rc7 Rd4 46.
Kf1 Rxf4 47. Rd7 Rd4 48. Ke2 f4 49. Rd8 Rd5 50. Rf8 Rd4 51. Rd8 Kf6 52. h5 Kg7
53. Ke1 Rd3 54. Ke2 Rd5 55. Kf1 Kh7 56. Ke2 Kg7 57. Kf1 c4 58. Ke2 Rd3 59. Rc8
d5 60. Rc6 Ra3 61. Rc5 Rd3 62. Rc6 Kh7 63. Rc8 Rc3 64. Rd8 Rd3 65. Rc8 Ra3 66.
Rc5 Ra2+ 67. Ke1 Ra1+ 68. Ke2 Ra2+ 69. Ke1 Ra1+ 1/2-1/2

[Event "I Miedzynarodowy Memorial Ireny Warakomskiej - Open A"]
[Site "Suwalki"]
[Date "2017-08-11"]
[Round "1.41"]
[White "Bednarek, Sylwester"]
[Black "Stanisz, Patryk"]
[Result "1-0"]
[WhiteTitle ""]
[BlackTitle ""]
[WhiteElo "2308"]
[BlackElo "2100"]

1. d4 f5 2. g3 Nf6 3. Bg2 g6 4. c3 Bg7 5. Qb3 c6 6. Nh3 Qb6 7. Nf4 Qxb3 8. axb3
d6 9. d5 cxd5 10. Nxd5 Nxd5 11. Bxd5 e6 12. Bg2 d5 13. Be3 a6 14. b4 Bd7 15. O-O
Nc6 16. Nd2 Kf7 17. Nb3 Ne5 18. Bd4 Rac8 19. Nc5 Rc7 20. b3 Re8 21. f4 Ng4 22.
Bxg7 Kxg7 23. Rfc1 Bc6 24. Bf3 Nf6 25. Kf2 Nd7 26. Nxd7 Bxd7 27. c4 Rec8 28. Rd1
dxc4 29. bxc4 Kf6 30. Rd6 Ke7 31. Rb6 Rb8 32. c5 Bb5 33. Rd1 Bc6 34. Rd6 Bd7 35.
Ke3 a5 36. bxa5 Ra8 37. a6 Rxa6 38. Rxa6 bxa6 39. Kd4 Bb5 40. Rb6 Rd7+ 41. Ke5
Kd8 42. Kxe6 Bc4+ 43. Ke5 a5 44. c6 Rd2 45. Rb8+ Kc7 46. Rb7+ Kc8 47. Rxh7 Bxe2
48. Bd5 1-0

[Event "I Miedzynarodowy Memorial Ireny Warakomskiej - Open A"]
[Site "Suwalki"]
[Date "2017-08-11"]
[Round "1.42"]
[White "Chojnowski, Marcin "]
[Black "Nowak, Lukasz"]
[Result "0-1"]
[WhiteTitle ""]
[BlackTitle ""]
[WhiteElo "2070"]
[BlackElo "2307"]

1. e4 c5 2. Nf3 d6 3. d4 cxd4 4. Nxd4 Nf6 5. Nc3 a6 6. h3 e5 7. Nde2 b5 8. Bg5
Nbd7 9. Nd5 Be7 10. Bxf6 Nxf6 11. Nxf6+ Bxf6 12. Qd3 Be6 13. O-O-O Bg5+ 14. Kb1
O-O 15. Nc3 Rc8 16. Qxd6 Qf6 17. h4 Bxh4 18. Nd5 Bxd5 19. Qxf6 Bxa2+ 20. Kxa2
Bxf6 21. Kb3 Rc5 22. Rd5 Be7 23. Rxc5 Bxc5 24. f3 Rb8 25. Be2 a5 26. Rd1 a4+ 27.
Ka2 b4 28. Rd5 Bd4 29. Rb5 b3+ 30. cxb3 axb3+ 31. Kxb3 Rxb5+ 32. Bxb5 h5 33. Bc4
g6 34. Ka3 Kf8 35. b4 Ke7 36. Ka4 f5 37. Bd3 Kf6 38. Kb5 Kg5 39. Kc6 f4 40. b5
Kh4 41. Bc4 Kg3 42. Bf7 Kxg2 43. Bxg6 h4 44. Bf5 h3 45. Bxh3+ Kxh3 46. b6 Kg3
47. b7 Ba7 0-1

[Event "I Miedzynarodowy Memorial Ireny Warakomskiej - Open A"]
[Site "Suwalki"]
[Date "2017-08-11"]
[Round "1.43"]
[White "Mulet, Piotr "]
[Black "Mokal, Amruta Sunil"]
[Result "1-0"]
[WhiteTitle ""]
[BlackTitle ""]
[WhiteElo "2295"]
[BlackElo "2047"]

1. c4 e5 2. Nc3 d6 3. Nf3 f5 4. d4 e4 5. Ng5 Nf6 6. f3 Be7 7. g3 d5 8. Bg2 c6 9.
Qb3 h6 10. Nh3 g5 11. cxd5 cxd5 12. fxe4 fxe4 13. Be3 Nc6 14. Nf2 Na5 15. Qc2
Nc4 16. Qc1 Qb6 17. Rb1 Be6 18. O-O Qc6 19. Nfd1 O-O-O 20. a4 Kb8 21. b4 Rc8 22.
Bf2 Ng4 23. Be1 Qb6 24. e3 h5 25. a5 Qc7 26. Rb3 h4 27. Bh3 Ka8 28. Bxg4 Bxg4
29. Nxd5 Qd7 30. Nxe7 Qxe7 31. Rc3 Qxb4 32. a6 b6 33. Qc2 Qe7 34. Rxc4 Rxc4 35.
Qxc4 Bf3 36. Qc6+ Kb8 37. Bb4 hxg3 38. Bd6+ 1-0

[Event "I Miedzynarodowy Memorial Ireny Warakomskiej - Open A"]
[Site "Suwalki"]
[Date "2017-08-12"]
[Round "2.1"]
[White "Grib, Roman"]
[Black "Bartel, Mateusz"]
[Result "1-0"]
[WhiteTitle ""]
[BlackTitle ""]
[WhiteElo "2427"]
[BlackElo "2608"]

1. e4 c5 2. Nf3 Nc6 3. Bb5 e6 4. Bxc6 bxc6 5. d3 Ne7 6. h4 f6 7. Be3 d6 8. c3 Rb8
9. Qc2 e5 10. d4 Ba6 11. dxe5 fxe5 12. Na3 Nc8 13. Qa4 Bb5 14. Nxb5 cxb5 15. Qb3
Qf6 16. a4 b4 17. Ng5 h6 18. Rh3 Qe7 19. Ne6 Rb7 20. Qc4 bxc3 21. bxc3 Kd7 22.
Qd5 Ke8 23. a5 Rb8 24. Bxc5 dxc5 25. Rd1 Nd6 26. a6 Kd7 27. Nxc5+ Kc8 28. Nb7
Rxb7 29. axb7+ Qxb7 30. Qe6+ Kb8 31. Rxd6 Bxd6 32. Qxd6+ Ka8 33. Qd5 Rc8 34. Rd3
a6 35. Qxb7+ Kxb7 36. Kd2 Kc6 37. Rd5 Re8 38. h5 Re6 39. g3 Re7 40. Kd3 Re6 41.
f4 exf4 42. gxf4 Re7 43. Kd4 Ra7 44. Rc5+ Kb6 45. Re5 Kc6 46. Rc5+ Kb6 47. Rd5
a5 48. Kd3 a4 49. Kc2 a3 50. Kb1 a2+ 51. Ka1 Kc6 52. Rd1 Ra4 53. Rg1 Rxe4 54.
Rxg7 Re2 55. Ra7 Rc2 56. Ra6+ Kd7 57. Rxh6 Rxc3 58. Rg6 Rf3 59. h6 Rxf4 60. h7
Rh4 61. Ra6 1-0

[Event "I Miedzynarodowy Memorial Ireny Warakomskiej - Open A"]
[Site "Suwalki"]
[Date "2017-08-12"]
[Round "2.2"]
[White "Tomczak, Jacek "]
[Black "Hnydiuk, Aleksander"]
[Result "1-0"]
[WhiteTitle ""]
[BlackTitle ""]
[WhiteElo "2598"]
[BlackElo "2424"]

1. e4 Nf6 2. e5 Nd5 3. d4 d6 4. c4 Nb6 5. exd6 exd6 6. Nf3 Be7 7. Be3 O-O 8. Nbd2
Bf5 9. Be2 Bf6 10. O-O Nc6 11. a3 a5 12. d5 Ne5 13. Nd4 Bd3 14. Bxd3 Nxd3 15.
Qc2 Ne5 16. h3 a4 17. Nb5 Re8 18. Bxb6 cxb6 19. Ne4 Be7 20. f4 Ng6 21. f5 Ne5
22. f6 gxf6 23. Nbxd6 Bxd6 24. Nxf6+ Kf8 25. Qxh7 Ke7 26. Rae1 Bc5+ 27. Kh1 Kd6
28. Nxe8+ Qxe8 29. Rf6+ Kc7 30. Re6 1-0

[Event "I Miedzynarodowy Memorial Ireny Warakomskiej - Open A"]
[Site "Suwalki"]
[Date "2017-08-12"]
[Round "2.4"]
[White "Sadzikowski, Daniel"]
[Black "Zochowski, Kacper"]
[Result "1-0"]
[WhiteTitle ""]
[BlackTitle ""]
[WhiteElo "2594"]
[BlackElo "2239"]

1. Nf3 d5 2. g3 e6 3. Bg2 f5 4. O-O Nf6 5. c4 c6 6. d3 Be7 7. b3 O-O 8. Bb2 a5
9. Nbd2 Na6 10. a3 Ne8 11. Qc2 Bf6 12. Ne5 d4 13. f4 c5 14. Ndf3 Nd6 15. e3 dxe3
16. Rae1 Qc7 17. Rxe3 Rb8 18. Ng5 Re8 19. Rfe1 h6 20. Ngf3 b5 21. Nd2 Bb7 22.
Bxb7 Qxb7 23. Ba1 b4 24. a4 Nf7 25. Nxf7 Qxf7 26. Bxf6 gxf6 27. Nf3 Rbd8 28. Qe2
Nc7 29. Nh4 Kh7 30. Qf3 Qd7 31. Qh5 Qg7 32. Nxf5 exf5 33. Rxe8 Rxe8 34. Rxe8 Nxe8
35. Qxe8 Qg4 36. Kg2 Qd1 37. Qf7+ Kh8 38. Qxf6+ Kg8 39. Qg6+ Kh8 40. Qxh6+ Kg8
41. Qg6+ Kh8 42. Qe8+ Kg7 43. Qe7+ Kg8 44. Qg5+ Kh8 45. Qf6+ Kg8 46. Qxf5 Qxb3
47. Qe6+ Kf8 48. Qd6+ Kf7 49. f5 Qc2+ 50. Kh3 Qe2 51. Qg6+ Kf8 52. f6 Qe6+ 53.
Kh4 Qf7 54. Qf5 Kg8 55. Kg5 b3 56. Qc8+ Kh7 57. Qf5+ Kg8 58. Qxc5 Qb7 59. Qe5
Kf7 60. c5 b2 61. c6 Qb4 62. Qd5+ Kf8 63. Qd8+ Kf7 64. Qd7+ Kf8 65. Qg7+ 1-0

[Event "I Miedzynarodowy Memorial Ireny Warakomskiej - Open A"]
[Site "Suwalki"]
[Date "2017-08-12"]
[Round "2.5"]
[White "Almasi, Istvan "]
[Black "Czarnota, Pawel"]
[Result "1-0"]
[WhiteTitle ""]
[BlackTitle ""]
[WhiteElo "2408"]
[BlackElo "2577"]

1. d4 Nf6 2. c4 g6 3. Nc3 Bg7 4. e4 d6 5. Nf3 O-O 6. Be2 Na6 7. O-O e5 8. Be3 c6
9. dxe5 dxe5 10. c5 Ng4 11. Bg5 f6 12. Bxa6 bxa6 13. Bd2 Nh6 14. h3 Nf7 15. Qa4
Qc7 16. Nd1 Qb7 17. Qc2 Be6 18. Ba5 Rab8 19. b4 f5 20. Ne3 f4 21. Nc4 Qe7 22.
Rad1 g5 23. Nd6 h5 24. Nxf7 Rxf7 25. Rd6 g4 26. hxg4 hxg4 27. Rxe6 Qxe6 28. Ng5
Qe7 29. Nxf7 Qxf7 30. Rd1 Bf8 31. Qe2 Qh5 32. Rd7 Kh8 33. Qd1 f3 34. Rd3 Be7 35.
gxf3 Rg8 36. f4 exf4 37. Bd8 Bxd8 38. Rxd8 Qg5 39. Qd4+ Kh7 40. Rd7+ Rg7 41. Rxg7+
Qxg7 42. e5 f3 43. Qe4+ Qg6 44. Qxg6+ Kxg6 45. Kh2 Kf5 46. Kg3 a5 47. bxa5 a6
48. e6 Kxe6 49. Kxg4 Kd5 50. Kxf3 Kxc5 51. Ke4 Kd6 52. Kd4 1-0

[Event "I Miedzynarodowy Memorial Ireny Warakomskiej - Open A"]
[Site "Suwalki"]
[Date "2017-08-12"]
[Round "2.6"]
[White "Sandipan, Chanda "]
[Black "Scripcaru, George-daniel "]
[Result "1-0"]
[WhiteTitle ""]
[BlackTitle ""]
[WhiteElo "2568"]
[BlackElo "2247"]

1. g3 d5 2. Bg2 Nf6 3. f4 Nc6 4. Nf3 Bg4 5. O-O Qd6 6. d4 Bxf3 7. Bxf3 e6 8. Qd3
Nb4 9. Qb3 Be7 10. c3 Na6 11. Nd2 O-O 12. e4 dxe4 13. Nxe4 Nxe4 14. Bxe4 c5 15.
Be3 cxd4 16. Bxd4 Nc5 17. Qc2 Nxe4 18. Qxe4 Qc7 19. f5 exf5 20. Rxf5 g6 21. Rb5
b6 22. Rf1 Rad8 23. Qe3 Qd7 24. a4 Rfe8 25. Qf4 f6 26. b4 Qd6 27. Qf2 Qc6 28.
h4 Rd6 29. h5 Qc4 30. hxg6 hxg6 31. Qf4 Kg7 32. Bxf6+ 1-0